000 00765pam a2200229 a 4500
003 OSt
005 20260311190517.0
008 880211s1988 nyu b 001 0 eng
020 _a0631180524
_c(pbk)
020 _a0631158480
040 _aKABLIB
_cKABLIB
_beng
_erda
082 0 0 _a307.76
_223
_bSMI
100 1 _aSmith, Michael P.
_915707
245 1 0 _aCity, state, and market :
_bthe political economy of urban society /
_cMichael Peter Smith.
260 _aNew York, NY, USA :
_bBasil Blackwell,
_cc1988.
300 _ax, 252 p. ;
_c24 cm.
504 _aBibliography: p. [226-242], index.
650 0 _aUrban policy
_zUnited States.
_915234
650 0 _aCities and towns
_zUnited States.
_915708
650 0 _aCapitalism
_zUnited States.
_915709
942 _2ddc
_cBOOK
999 _c6179
_d6179